000 01094cab a2200301 4500
001 ABS50965
008 090401t1994 xxu||||| |||| 00| 0 eng d
035 _a(Sirsi) u3270
041 _aeng
100 _aJenkins, D.
245 _aCounting the cost of DCR
260 _c1994
350 _a0
490 _aValuer (ISVA)
_v63(6) July 1994, 14(1)
520 _aDiscusses the problems of Depreciated Replacement Cost (DRC) valuations in relation to the state of the market. Desrcibes the DAR system, Discount Asset Rent, integrated valuation software which is being beta-tested at present. Outlines the research which went into its development.
650 _aDEPRECIATED REPLACEMENT COST
650 _aDISCOUNTED ASSET RENT
650 _aINTEGRATED VALUATION SOFTWARE
650 _aKINGSTON UNIVERSITY
650 _aLOCAL AUTHORITY VALUATIONS
650 _aSOFTWARE PACKAGES
650 _aVALUATION SOFTWARE
690 _aMANAGEMENT-BUSINESS MANAGEMENT-INFORMATION MANAGEMENT
690 _aRATING AND VALUATION
700 _aGronow, S.
942 _n0
948 _c04/03/1997
999 _c1999
_d1999